000
00334nam a2200145Ia 4500
008
210210b1895 xxu||||| |||| 00| 0 eng d
041
_a
eng
082
_a
829/314
100
_a
D' ISRAELI (B)
245
_a
Sybil
260
_a
London
_b
Macmillan & Co. Ltd.
_c
1895
650
_a
Sybil
690
_a
English Fiction
906
_a
016919
999
_c
136837
_d
136837